Private Savings and COVID-19 in Sub-Saharan Africa /

The paper reexamines the main private savings determinants in Sub-Saharan Africa (SSA), followed by an analysis of the COVID-19 pandemic impact on private savings in SSA and other country groupings. Using an unbalanced panel data from 1983-2021 for 31 SSA economies, the paper finds that real per cap...

Descripció completa

Dades bibliogràfiques
Autor principal: Loko, Boileau
Altres autors: Nembot, Nelie, Ribeiro, Marcos Poplawski
Format: Revista
Idioma:English
Publicat: Washington, D.C. : International Monetary Fund, 2022.
Col·lecció:IMF Working Papers; Working Paper ; No. 2022/176
Matèries:
Accés en línia:Full text available on IMF
LEADER 02064cas a2200325 a 4500
001 AALejournalIMF023195
008 230101c9999 xx r poo 0 0eng d
020 |a 9798400219306 
020 |c 20.00 USD 
022 |a 1018-5941 
040 |a BD-DhAAL  |c BD-DhAAL 
100 1 |a Loko, Boileau. 
245 1 0 |a Private Savings and COVID-19 in Sub-Saharan Africa /  |c Boileau Loko, Nelie Nembot, Marcos Poplawski Ribeiro. 
264 1 |a Washington, D.C. :  |b International Monetary Fund,  |c 2022. 
300 |a 1 online resource (47 pages) 
490 1 |a IMF Working Papers 
500 |a <strong>Off-Campus Access:</strong> No User ID or Password Required 
500 |a <strong>On-Campus Access:</strong> No User ID or Password Required 
506 |a Electronic access restricted to authorized BRAC University faculty, staff and students 
520 3 |a The paper reexamines the main private savings determinants in Sub-Saharan Africa (SSA), followed by an analysis of the COVID-19 pandemic impact on private savings in SSA and other country groupings. Using an unbalanced panel data from 1983-2021 for 31 SSA economies, the paper finds that real per capita economic growth remains a key historical determinant of private savings in the region. In contrast with other regions, private saving rates have not increased during COVID-19 in SSA. Instead, COVID-19 deaths in our estimations are significantly associated with a decline in private savings in SSA. Robustness checks and a descriptive analysis of household surveys during the pandemic corroborate those results. 
538 |a Mode of access: Internet 
650 7 |a Economywide Country Studies  |2 imf 
650 7 |a Macroeconomics  |2 imf 
650 7 |a Multiple or Simultaneous Equation Models  |2 imf 
650 7 |a Saving  |2 imf 
650 7 |a Wealth  |2 imf 
700 1 |a Nembot, Nelie. 
700 1 |a Ribeiro, Marcos Poplawski. 
830 0 |a IMF Working Papers; Working Paper ;  |v No. 2022/176 
856 4 0 |z Full text available on IMF  |u https://elibrary.imf.org/openurl?genre=journal&issn=1018-5941&volume=2022&issue=176  |z IMF e-Library